Depresivní syndróm u geriatrických pacientů v ústavní péči

Bibliographic Details
Main Authors: Topinková, Eva, 1953- (Author), Neuwirth, Jiří, 1932-2022 (Author)
Format: Article
Language:Slovak
Czech
Subjects:

MARC

LEADER 00000nab a2200000 a 4500
001 vtls000638714
003 SK-MaSNL
005 20260305002241.0
008 250425c1997 xo 0 slo
015 |a SNBRB19rr/mm-uuuuu 
035 |a CL0638853 
035 |a urn:nbn:sk:snk-abaj5v 
035 |a (urnnbn)urn:nbn:sk:snk:ar-008i2q 
035 |a (uuid)ec3b90a1-0fc3-4e7e-b3f9-fc51eb2894fa 
040 |a SNKBUCL  |b slo  |c SNKBUCL  |e AACR2 
041 0 |a cze 
044 |a xo  |c SK 
080 |a 616.891-053.9  |2 1981 
080 |a 616.892.3  |2 1981 
100 1 |a Topinková, Eva,  |d 1953-  |4 aut  |9 209588 
245 1 0 |a Depresivní syndróm u geriatrických pacientů v ústavní péči  |c E. Topinková, J. Neuwirth 
300 |b Tab. 5, res. angl., čes., lit. 22 zázn. 
650 0 7 |a depresie  |2 snkbucl  |9 30104 
650 0 7 |a seniori  |2 snkbucl  |9 117453 
655 7 |a články z novín a časopisov  |2 snkbucl  |9 267496 
700 1 |a Neuwirth, Jiří,  |d 1932-2022  |4 aut  |9 260589 
773 0 |t Česká a slovenská psychiatrie  |g Roč. 93, č. 4 (1997), s. 181-188  |x 0069-2336 
850 |a Slovenská národná knižnica 
852 |a Slovenská národná knižnica 
954 |a odborná, vedecká literatúra cudzojazyčná (svetová)  |2 lita 
958 |a article14 
958 |a NB 
958 |a MI 
958 |a RK 
958 |a OND 
958 |a EUIPO 
999 |c 3224708  |d 3226638